General Ecology: (Record no. 356058)
[ view plain ]
| 000 -LEADER | |
|---|---|
| fixed length control field | 00346nam a2200109Ia 4500 |
| 008 - FIXED-LENGTH DATA ELEMENTS--GENERAL INFORMATION | |
| fixed length control field | 180305s9999 xx 000 0 und d |
| 020 ## - INTERNATIONAL STANDARD BOOK NUMBER | |
| International Standard Book Number | 9717472068 |
| 100 ## - MAIN ENTRY--PERSONAL NAME | |
| Personal name | Hallare, Arnold V. |
| 245 ## - TITLE STATEMENT | |
| Statement of responsibility, etc | Arnold V. Hallare |
| Title | General Ecology: |
| Remainder of title | Concepts and Selected Laboratory exercises/ |
| 260 ## - PUBLICATION, DISTRIBUTION, ETC. (IMPRINT) | |
| Place of publication, distribution, etc | Manila |
| Name of publisher, distributor, etc | Busybook Distributor |
| Date of publication, distribution, etc | 2001 |
| 300 ## - PHYSICAL DESCRIPTION | |
| Extent | 151 Pages |
| Withdrawn status | Lost status | Damaged status | Home library | Current library | Shelving location | Date acquired | Source of acquisition | Total Checkouts | Full call number | Barcode | Date last seen | Price effective from | Koha item type |
|---|---|---|---|---|---|---|---|---|---|---|---|---|---|
| College Library | College Library | Filipiniana Section | 03/05/2018 | QH 541 .H182 2001 | c0522 | 05/08/2018 | 03/05/2018 | Books |